000 01025nam a22001817a 4500
999 _c61554
_d61554
005 20240325102911.0
008 240325c2000 ge ||||| |||| 00| 0 geo d
022 _a1512-0597
041 _ageo
245 _aძიებანი :
_c რედ. ო. ლორთქიფანიძე; საქართველოს მეცნიერებათა აკადემიის არქეოლოგიური კვლევის ცენტრი.
260 _aთბილისი,
_c1998-
300 _aV.
653 _a ძიებანი საქართველოს არქეოლოგიაში
653 _aპერიოდიკა
700 _a ლორთქიფანიძე, ო.
_eრედაქტორი
_921560
710 _aსაქართველოს მეცნიერებათა აკადემიის არქეოლოგიური კვლევის ცენტრის ჟურნალი.
_921556
942 _2udc
_cCR